[Event "Adelquis Remon Memorial-H"]
[Site "Holguin"]
[Date "2017.11.07"]
[Round "10.3"]
[White "Rodriguez Basulto, Reyson Ricardo"]
[Black "Molina Figueredo, Rafael"]
[Result "1-0"]
[WhiteElo "1837"]
[BlackElo "1934"]
[PlyCount "69"]
[EventDate "2017.11.02"]
[EventType "tourn"]
[EventRounds "10"]
[EventCountry "CUB"]
[SourceTitle "EXT 2023"]
[Source "ChessBase"]
[SourceDate "2022.10.05"]
[SourceVersion "1"]
[SourceVersionDate "2022.10.05"]
[SourceQuality "1"]

1. e4 c5 2. Nf3 Nc6 3. Bb5 Qc7 4. 0-0 a6 5. Bxc6 Qxc6 6. Re1 b6 7. c3 e6 8. d4 Qc7 9. Bg5 d6 10. Nbd2 g6 11. e5 d5 12. Nf1 Bg7 13. Ne3 c4 14. Ng4 h5 15. Nf6+ Nxf6 16. exf6 Bf8 17. h4 Bd6 18. Ne5 Bxe5 19. Rxe5 Kd7 20. Bf4 Qc6 21. Qf3 Bb7 22. Bg3 b5 23. Qf4 a5 24. Rae1 Rae8 25. b3 Ba6 26. bxc4 bxc4 27. Rb1 Rb8 28. Rxb8 Rxb8 29. Rxd5+ exd5 30. Qxb8 Qxf6 31. Qa7+ Ke8 32. Qa8+ Ke7 33. Qxd5 a4 34. Qc5+ Ke8 35. d5 1-0